ბათუმის შოთა რუსთაველის სახელმწიფო უნივერსიტეტის ბიბლიოთეკა

Справочник машиностроителя. В шести томах. Том III. (ბიბ.ჩანაწერი № 50534)

000 -LEADER
fixed length control field 00850nam a2200217Ia 4500
001 - CONTROL NUMBER
control field 17483
003 - CONTROL NUMBER IDENTIFIER
control field GE_BSU
008 - FIXED-LENGTH DATA ELEMENTS--GENERAL INFORMATION
fixed length control field 181216s||||||||xx |||||||||||||| ||und||
040 ## - CATALOGING SOURCE
Transcribing agency GE_BSU
080 ## - UNIVERSAL DECIMAL CLASSIFICATION NUMBER
Universal Decimal Classification number 621.01(035.5)
100 ## - MAIN ENTRY--PERSONAL NAME
Personal name Агамиров,В.Л. Амельянчик,А.В. Бидерман и др.
245 ## - TITLE STATEMENT
Title Справочник машиностроителя. В шести томах. Том III.
245 ## - TITLE STATEMENT
Statement of responsibility, etc. Ред. совет: Н.С.Ачеркан, М.П.вукалович, В.Н.Кудрявцев и др. Под ред. С.В.Серенсена; Ред. Трапезин.
250 ## - EDITION STATEMENT
Edition statement Изд. третье, исправ. и дополн.
260 ## - PUBLICATION, DISTRIBUTION, ETC.
Place of publication, distribution, etc. М.
260 ## - PUBLICATION, DISTRIBUTION, ETC.
Name of publisher, distributor, etc. Машгиз.
260 ## - PUBLICATION, DISTRIBUTION, ETC.
Date of publication, distribution, etc. 1962.
300 ## - PHYSICAL DESCRIPTION
Extent 652 стр. 23 см.
653 ## - INDEX TERM--UNCONTROLLED
Uncontrolled term Справочник машиностроителя.
942 ## - ADDED ENTRY ELEMENTS (KOHA)
Koha item type წიგნი
ეგზემპლარები
Withdrawn status Lost status Damaged status Not for loan Date acquired Barcode Date last seen Price effective from Koha item type
        2018-12-17 10268 2018-12-17 2018-12-17 წიგნი